[Event "British Chess Championships 2023: Weekend Tournament Penrose"]
[Site "De Montfort University, 20 Western Boulevard, Leicester, LE2 7BU"]
[Date "2023.07.23"]
[Round "4"]
[Board "13"]
[White "Shivakumar, Akshath"]
[Black "Wenninger, Maxim"]
[Result "1-0"]
[WhiteElo "1664"]
[BlackElo "1844"]
[PlyCount "0"]
[EventDate "2023.07.21"]
[EventRounds "5"]
[EventCountry "ENG"]

1. d4 Nf6 2. c4 c5 3. d5 b5 4. cxb5 a6 5. Nc3 axb5 6. Bg5 b4 7. Bxf6 gxf6 8. Ne4
Qa5 9. Qd2 Bg7 10. Qe3 f5 11. Nd6+ Kd8 12. Nxf7+ Kc7 13. Qg3+ Kb6 14. Qxg7 b3+ 15.
Kd1 Qxa2 16. Rc1 Ra4 17. e3 Re8 18. Qc3 d6 19. Bc4 Rb4 20. Nf3 Rf8 21. Kd2 Rxc4 22.
Qxc4 Qxb2+ 23. Ke1 Ba6 24. Nd2 Bxc4 25. Nxc4+ Kb5 26. Nxb2 Rxf7 27. Kd2 Na6 28. Nd3
Rf8 29. Rc3 c4 30. Nb2 Nb4 31. Rxc4 Nxd5 32. Rh4 Ra8 33. Rb1 Nf6 34. Nd3 Ne4+ 35.
Rxe4 fxe4 36. Rxb3+ Kc4 37. Rb4+ Kd5 38. Rd4+ Ke6 39. Rxe4+ Kf6 40. Ke2 Ra2+ 41.
Kf3 Ra3 42. Nf4 Ra7 43. Nd5+ Kf7 44. Rxe7+  1-0

[Event "British Chess Championships 2023: Weekend Tournament Penrose"]
[Site "De Montfort University, 20 Western Boulevard, Leicester, LE2 7BU"]
[Date "2023.07.23"]
[Round "4"]
[Board "14"]
[White "Thorburn, Richard"]
[Black "Khan, Mohammed"]
[Result "1/2-1/2"]
[WhiteElo "1684"]
[BlackElo "1873"]
[PlyCount "0"]
[EventDate "2023.07.21"]
[EventRounds "5"]
[EventCountry "ENG"]

1. d4 d5 2. c4 c6 3. Nf3 Nf6 4. Nc3 g6 5. e3 Bg7 6. Be2 O-O 7. O-O Ne4 8. cxd5 cxd5
9. Qc2 f5 10. Nxd5 Nc6 11. Nf4 Kh8 12. a3 Bh6 13. Nd3 Nf6 14. b4 Nd5 15. Nde5 Nxe5
16. Nxe5 Be6 17. Bb2 Rc8 18. Qd3 Qb6 19. Kh1 a5 20. b5 Kg8 21. Bd1 Qd6 22. Bb3 b6
23. Rac1 Bg7 24. Rcd1 Rc7 25. Nc4 Qd7 26. Ne5  1/2-1/2

[Event "British Chess Championships 2023: Weekend Tournament Penrose"]
[Site "De Montfort University, 20 Western Boulevard, Leicester, LE2 7BU"]
[Date "2023.07.23"]
[Round "4"]
[Board "15"]
[White "Veselow, Zoe"]
[Black "Coleman, Frederick"]
[Result "0-1"]
[WhiteElo "1720"]
[BlackElo "1850"]
[PlyCount "0"]
[EventDate "2023.07.21"]
[EventRounds "5"]
[EventCountry "ENG"]

1. e4 c5 2. Nf3 Nc6 3. d4 cxd4 4. Nxd4 g6 5. Nc3 Bg7 6. Be3 Nf6 7. g3 O-O 8. Bg2
d6 9. h3 Bd7 10. O-O Ne5 11. Qc1 Nc4 12. Bh6 Rb8 13. Bxg7 Kxg7 14. Kh2 Qb6 15. Nb3
Rfc8 16. f4 Bc6 17. Re1 Qc7 18. g4 h6 19. Nd2 Bd7 20. Kh1 Nxb2 21. Nd5 Nxd5 22. Qxb2+
Qc3 23. Qxc3+ Nxc3 24. Nb3 Rc4 25. f5 Ra4 26. Nc1 Bc6 27. e5 Bxg2+ 28. Kxg2 d5 29.
e6 gxf5 30. gxf5 Rf4 31. Rf1 Rxf1 32. Kxf1 fxe6 33. fxe6 Kf6 34. Nd3 Kxe6 35. Re1+
Kd6 36. a3 Rf8+ 37. Kg2 Ne4 38. Re3 e6 39. c4 b6 40. Nb4 Rf2+ 41. Kg1 Rf4 42. Rd3
Nc5  0-1

[Event "British Chess Championships 2023: Weekend Tournament Penrose"]
[Site "De Montfort University, 20 Western Boulevard, Leicester, LE2 7BU"]
[Date "2023.07.23"]
[Round "4"]
[Board "16"]
[White "Lawrence, Spencer"]
[Black "Pradhan, Ayan"]
[Result "0-1"]
[WhiteElo "1849"]
[BlackElo "1692"]
[PlyCount "0"]
[EventDate "2023.07.21"]
[EventRounds "5"]
[EventCountry "ENG"]

1. c4 Nf6 2. Nc3 e6 3. g3 d5 4. d4 Be7 5. Bg2 O-O 6. Nf3 Nbd7 7. O-O b6 8. cxd5 exd5
9. Ne5 Bb7 10. Qb3 c5 11. Nxd5 Nxd5 12. Bxd5 Bxd5 13. Qxd5 Nxe5 14. Qxd8 Raxd8 15.
dxe5 Rd5 16. f4 Rfd8 17. Be3 c4 18. Rac1 b5 19. Bxa7 Ra8 20. Bf2 Rxa2 21. b3 cxb3
22. Rc8+ Rd8 23. Rxd8+ Bxd8 24. Rb1 b2 25. Bd4 Bb6  0-1

[Event "British Chess Championships 2023: Weekend Tournament Penrose"]
[Site "De Montfort University, 20 Western Boulevard, Leicester, LE2 7BU"]
[Date "2023.07.23"]
[Round "4"]
[Board "17"]
[White "Pradhan, Abhishek"]
[Black "Rastogi, Nayan Keats"]
[Result "1/2-1/2"]
[WhiteElo "1836"]
[BlackElo "1677"]
[PlyCount "0"]
[EventDate "2023.07.21"]
[EventRounds "5"]
[EventCountry "ENG"]

1. d4 Nf6 2. c4 e6 3. Nf3 Bb4+ 4. Nbd2 b6 5. a3 Bxd2+ 6. Nxd2 Bb7 7. Qc2 d5 8. e3
O-O 9. b4 Nbd7 10. c5 c6 11. Be2 e5 12. Bb2 Qe7 13. Nb3 Ne4 14. O-O exd4 15. exd4
f5 16. Bd3 Qf6 17. Rad1 Rae8 18. Rfe1 g6 19. Bc1 Re6 20. Bf1 Rfe8 21. f3 Ng5 22.
Rxe6 Rxe6 23. Qd2 Nf7 24. Re1 Ng5 25. Qf2 Rxe1 26. Qxe1 Ne6 27. Be3 f4 28. Bf2 Kf7
29. Bd3 Nc7 30. Nc1 Ba6 31. Bc2 Bc4 32. Qd2 h6 33. Nd3 g5 34. Nb2 Ba6 35. Bb1 Qe6
36. Qc2 Nf8 37. cxb6 axb6 38. Na4 Na8 39. Qf5+ Qxf5 40. Bxf5 Kf6 41. Bc2 Ne6 42.
g3 fxg3 43. hxg3 Bb5 44. Nc3 Nac7 45. a4 Bc4 46. a5 bxa5 47. bxa5 Nb5 48. Nxb5 Bxb5
49. Be3 Nd8 50. Bd2 Ne6 51. Bc3 h5 52. Kf2 h4 53. gxh4 gxh4 54. Kg2 Ng5 55. Bd2 Be2
56. Bxg5+ Kxg5 57. Ba4 Kf4 58. Bxc6 Bxf3+ 59. Kh2 Be2 60. Bxd5  1/2-1/2

[Event "British Chess Championships 2023: Weekend Tournament Penrose"]
[Site "De Montfort University, 20 Western Boulevard, Leicester, LE2 7BU"]
[Date "2023.07.23"]
[Round "4"]
[Board "18"]
[White "Betts, Richard"]
[Black "Norris, Zack"]
[Result "1/2-1/2"]
[WhiteElo "1831"]
[BlackElo "1657"]
[PlyCount "0"]
[EventDate "2023.07.21"]
[EventRounds "5"]
[EventCountry "ENG"]

1. d4 Nf6 2. c4 e6 3. Nf3 Bb4+ 4. Bd2 Be7 5. Nc3 d5 6. Bf4 O-O 7. e3 Nc6 8. Rc1 Bb4
9. Bd3 a6 10. O-O Re8 11. Ne2 Ne7 12. a3 Bd6 13. Qc2 Ng6 14. Bg5 dxc4 15. Bxg6 hxg6
16. Qxc4 b5 17. Qc2 Bb7 18. Ne5 Rc8 19. b4 Bxe5 20. dxe5 Qd5 21. f3 Qxe5 22. Bf4
Qh5 23. e4 e5 24. Be3 Nd7  1/2-1/2

[Event "British Chess Championships 2023: Weekend Tournament Penrose"]
[Site "De Montfort University, 20 Western Boulevard, Leicester, LE2 7BU"]
[Date "2023.07.23"]
[Round "4"]
[Board "19"]
[White "Ashton, Alannah"]
[Black "Diniz Afonso, Davi"]
[Result "1-0"]
[WhiteElo "1824"]
[BlackElo "1615"]
[PlyCount "133"]
[EventDate "2023.07.21"]
[EventRounds "5"]
[EventCountry "ENG"]

1. e4 e5 2. Nf3 Nc6 3. Bb5 a6 4. Ba4 d6 5. O-O Bd7 6. c3 g6 7. Re1 Bg7 8. h3 Nge7
9. d3 h6 10. Nbd2 O-O 11. Nf1 Kh7 12. Bc2 f5 13. d4 f4 14. d5 Nb8 15. c4 Bc8 16.
Bd2 Nd7 17. b4 g5 18. N3h2 Ng6 19. g4 Rh8 20. Bd3 Qg8 21. Rc1 Bf8 22. a3 Kg7 23.
Bc3 Qh7 24. Nd2 Nf6 25. Be2 h5 26. Ndf1 hxg4 27. Bxg4 Nxg4 28. hxg4 Qh3 29. f3 Nh4
30. Rc2 Bd7 31. Qe2 Be7 32. Bb2 Rh7 33. Qf2 Kf7 34. Ree2 Rah8 35. Rcd2 b6 36. Rc2
Ng6 37. Rcd2 Qh6 38. Rc2 Qg7 39. Rcd2 Rh3 40. Ba1 Nh4 41. Ra2 Qh6 42. Nd2 Ba4 43.
Kf1 Ng6 44. Nb1 Bd1 45. Red2 Bxf3 46. Nxf3 Rg3 47. Ke2 Qh3 48. Qf1 Qxg4 49. Rab2
Rhh3 50. Rd3 Nh4 51. Nbd2 Nxf3 52. Nxf3 Rg2+ 53. Kd1 Rxf3 54. Qxf3 Rg1+ 55. Kc2 Qh4
56. Rb1 Rg3 57. Qe2 Rg4 58. Kb2 Qh5 59. Rh1 Qxh1 60. Qxg4 Qxe4 61. Qh5+ Kg7 62. Rh3
Qg2+ 63. Kb3 g4 64. Qh7+ Kf8 65. Qf5+ Kg8 66. Qg6+ Kf8 67. Rh8#  1-0

[Event "British Chess Championships 2023: Weekend Tournament Penrose"]
[Site "De Montfort University, 20 Western Boulevard, Leicester, LE2 7BU"]
[Date "2023.07.23"]
[Round "4"]
[Board "20"]
[White "Salazar Eyre, Emma"]
[Black "Coward, Neil"]
[Result "0-1"]
[WhiteElo "1711"]
[BlackElo "1800"]
[PlyCount "128"]
[EventDate "2023.07.21"]
[EventRounds "5"]
[EventCountry "ENG"]

1. e4 c5 2. c3 Nc6 3. d4 cxd4 4. cxd4 g6 5. Nf3 Bg7 6. Nc3 a6 7. Be3 e6 8. Be2 Nge7
9. O-O O-O 10. Qd2 d5 11. e5 Nf5 12. Bg5 Qb6 13. Be3 Nxe3 14. fxe3 Bd7 15. Na4 Qb4
16. Nc5 Qxd2 17. Nxd2 Bc8 18. a3 Bh6 19. Rf3 Nxd4 20. exd4 Bxd2 21. h4 h5 22. Rd3
Bh6 23. g4 hxg4 24. Bxg4 b6 25. Na4 Rb8 26. Rb3 Bd7 27. Nxb6 Bb5 28. Rxb5 Be3+ 29.
Kg2 Bxd4 30. Rb4 Bxb6 31. h5 Ba5 32. Rxb8 Rxb8 33. b4 gxh5 34. Bxe6 fxe6 35. bxa5
Rb5 36. Rh1 Rxa5 37. Rxh5 Rxa3 38. Rh6 Kf7 39. Rf6+ Ke7 40. Rh6 Re3 41. Rh7+ Kf8
42. Ra7 Rxe5 43. Rxa6 Kf7 44. Ra7+ Kf6 45. Kf3 Re1 46. Kf2 Re4 47. Kf3 Ke5 48. Ra6
Rb4 49. Ra1 Rb3+ 50. Ke2 Ke4 51. Ra6 Rb2+ 52. Kd1 e5 53. Rh6 Kd3 54. Rh3+ Kd4 55.
Rh4+ e4 56. Rh6 Kd3 57. Rh3+ e3 58. Kc1 Rc2+ 59. Kd1 Rg2 60. Kc1 d4 61. Rh1 Rc2+
62. Kb1 Rc7 63. Rh3 Kd2 64. Rh2+ e2  0-1

[Event "British Chess Championships 2023: Weekend Tournament Penrose"]
[Site "De Montfort University, 20 Western Boulevard, Leicester, LE2 7BU"]
[Date "2023.07.23"]
[Round "4"]
[Board "21"]
[White "Thornley, Oliver"]
[Black "Roul, Tushar"]
[Result "1-0"]
[WhiteElo "1759"]
[BlackElo "1545"]
[PlyCount "59"]
[EventDate "2023.07.21"]
[EventRounds "5"]
[EventCountry "ENG"]

1. e4 c6 2. d4 d5 3. e5 c5 4. dxc5 e6 5. a3 Bxc5 6. b4 Be7 7. Nf3 f6 8. Bb2 a5 9.
Nbd2 axb4 10. axb4 Rxa1 11. Qxa1 Bxb4 12. Qa4+ Nc6 13. c3 Be7 14. Bb5 Bd7 15. c4
Qa5 16. Qc2 Nxe5 17. Nxe5 fxe5 18. Bxd7+ Kxd7 19. cxd5 Qxd5 20. O-O Qc6 21. Nc4 Ke8
22. Qb3 Nf6 23. Rc1 Qd5 24. Rd1 Qc5 25. Ba3 Qc6 26. Bb2 Rf8 27. Nxe5 Nd5 28. Qh3
Nf4 29. Qxh7 Qb6 30. Qc2  1-0

[Event "British Chess Championships 2023: Weekend Tournament Penrose"]
[Site "De Montfort University, 20 Western Boulevard, Leicester, LE2 7BU"]
[Date "2023.07.23"]
[Round "4"]
[Board "22"]
[White "Karia, Kamlesh"]
[Black "Cole, Graham L"]
[Result "0-1"]
[WhiteElo "1560"]
[BlackElo "1756"]
[PlyCount "98"]
[EventDate "2023.07.21"]
[EventRounds "5"]
[EventCountry "ENG"]

1. e4 c5 2. Nc3 d6 3. Bc4 Nc6 4. f4 g6 5. Nf3 Bg7 6. O-O Nf6 7. d3 O-O 8. a3 e6 9.
Qe1 d5 10. Ba2 dxe4 11. dxe4 Nd4 12. Bb1 b6 13. e5 Ne8 14. Ne2 Nxf3+ 15. Rxf3 Bb7
16. Rd3 Qe7 17. c4 Rd8 18. Be3 f6 19. Rxd8 Qxd8 20. exf6 Nxf6 21. Nc3 Qd7 22. Bc2
Ng4 23. Kh1 Nxe3 24. Qxe3 Bd4 25. Qg3 Qf7 26. Re1 e5 27. Ne2 Bxb2 28. f5 Kh8 29.
Rb1 Bd4 30. Nxd4 exd4 31. Rf1 Re8 32. Bd3 Rf8 33. h4 Qg7 34. Re1 gxf5 35. Qxg7+ Kxg7
36. Re7+ Rf7 37. Rxf7+ Kxf7 38. Bxf5 h6 39. Kg1 Kf6 40. Bd3 Bc6 41. Kf2 a6 42. g4
b5 43. Kg3 bxc4 44. Bxc4 Bb5 45. Ba2 c4 46. Kf4 c3 47. g5+ hxg5+ 48. hxg5+ Kg6 49.
Bb1+ d3  0-1

[Event "British Chess Championships 2023: Weekend Tournament Penrose"]
[Site "De Montfort University, 20 Western Boulevard, Leicester, LE2 7BU"]
[Date "2023.07.23"]
[Round "4"]
[Board "23"]
[White "Knight, Christopher J"]
[Black "Bartram, Philip J"]
[Result "0-1"]
[WhiteElo "1718"]
[BlackElo "1942"]
[PlyCount "122"]
[EventDate "2023.07.21"]
[EventRounds "5"]
[EventCountry "ENG"]

1. e4 c5 2. Nf3 e6 3. c3 Nf6 4. e5 Nd5 5. d4 cxd4 6. cxd4 Nc6 7. Bc4 Nb6 8. Bb3 d6
9. O-O dxe5 10. dxe5 Be7 11. Qxd8+ Bxd8 12. Nc3 O-O 13. Bf4 Na5 14. Bc2 Bd7 15. Rac1
Rc8 16. Rfd1 Bc6 17. Be4 Bxe4 18. Nxe4 Rxc1 19. Rxc1 Nd5 20. Bg3 Be7 21. Nc3 Rc8
22. Ne2 Rxc1+ 23. Nxc1 Nc6 24. Nd2 Kf8 25. f4 Bc5+ 26. Kf1 Be3 27. Ke2 Bxf4 28. Bxf4
Nxf4+ 29. Kf3 Ng6 30. Ncb3 Ngxe5+ 31. Ke4 Ng4 32. Kf3 Nf6 33. Nc5 b6 34. Nd3 Ke7
35. b4 Nd5 36. a3 Nd4+ 37. Ke4 Nc2 38. Ne5 f5+ 39. Kd3 Ne1+ 40. Ke2 Nxg2 41. Nc6+
Kd7 42. Nxa7 Ngf4+ 43. Kf3 Nd3 44. Nc4 g5 45. b5 g4+ 46. Kg2 f4 47. Nc6 f3+ 48. Kf1
Kc7 49. N6e5 Nxe5 50. Nxe5 Nf6 51. h3 h5 52. Nd3 Kd6 53. a4 e5 54. a5 bxa5 55. hxg4
hxg4 56. b6 Nd7 57. Kf2 Nxb6 58. Kg3 e4 59. Nf2 Kd5 60. Nxg4 Nc4 61. Kf2 a4  0-1

[Event "British Chess Championships 2023: Weekend Tournament Penrose"]
[Site "De Montfort University, 20 Western Boulevard, Leicester, LE2 7BU"]
[Date "2023.07.23"]
[Round "4"]
[Board "24"]
[White "Staniland, Philip"]
[Black "Goatcher, Matthew W"]
[Result "0-1"]
[WhiteElo "1908"]
[BlackElo "1699"]
[PlyCount "68"]
[EventDate "2023.07.21"]
[EventRounds "5"]
[EventCountry "ENG"]

1. d4 Nf6 2. Nc3 d5 3. Bf4 c5 4. e3 cxd4 5. exd4 a6 6. Nf3 Bg4 7. h3 Bxf3 8. Qxf3
e6 9. g4 Bd6 10. Bxd6 Qxd6 11. g5 Ne4 12. Nxe4 dxe4 13. Qxe4 Qb4+ 14. Ke2 Nc6 15.
Kf3 Rd8 16. Kg2 O-O 17. Bd3 g6 18. c3 Qxb2 19. Rhc1 Rd5 20. h4 Rfd8 21. Rab1 Qa3
22. Rc2 Nxd4 23. cxd4 Rxd4 24. Qxb7 Qxd3 25. Rc8 Ra4 26. Kh2 Rxh4+ 27. Kg1 Rg4+ 28.
Kh2 Qd6+ 29. Kh3 Rxg5 30. Rxd8+ Qxd8 31. Kh2 Qd6+ 32. Kh1 Rh5+ 33. Kg2 Qh2+ 34. Kf1
Qh1+  0-1

[Event "British Chess Championships 2023: Weekend Tournament Penrose"]
[Site "De Montfort University, 20 Western Boulevard, Leicester, LE2 7BU"]
[Date "2023.07.23"]
[Round "4"]
[Board "25"]
[White "Ashworth, Robert M"]
[Black "Matthew, Ian G"]
[Result "1-0"]
[WhiteElo "1880"]
[BlackElo "1745"]
[PlyCount "47"]
[EventDate "2023.07.21"]
[EventRounds "5"]
[EventCountry "ENG"]

1. e4 c5 2. Nf3 e6 3. c3 d5 4. exd5 Qxd5 5. d4 Nf6 6. Bb5+ Bd7 7. Bxd7+ Nbxd7 8.
O-O Be7 9. h3 O-O 10. Be3 Rac8 11. Nbd2 Rfd8 12. Qe2 a6 13. c4 Qc6 14. Rac1 cxd4
15. Nxd4 Qc7 16. b3 Nb8 17. N2f3 Nc6 18. Rfd1 Ne4 19. Nxc6 Rxd1+ 20. Rxd1 Nc3 21.
Nxe7+ Qxe7 22. Qd3 Nxd1 23. Qxd1 Rd8 24. Qc2  1-0

[Event "British Chess Championships 2023: Weekend Tournament Penrose"]
[Site "De Montfort University, 20 Western Boulevard, Leicester, LE2 7BU"]
[Date "2023.07.23"]
[Round "4"]
[Board "26"]
[White "Clegg, Robert"]
[Black "Fernando, Manel"]
[Result "1/2-1/2"]
[WhiteElo "1860"]
[BlackElo "1627"]
[PlyCount "95"]
[EventDate "2023.07.21"]
[EventRounds "5"]
[EventCountry "ENG"]

1. d4 d5 2. c4 e6 3. Nc3 Nf6 4. cxd5 exd5 5. Bg5 Be7 6. Qc2 c6 7. e3 Nbd7 8. Bd3
h6 9. Bh4 O-O 10. Nge2 Nh5 11. Bxe7 Qxe7 12. O-O Re8 13. a3 Nf8 14. b4 a6 15. Na4
Rb8 16. Qc5 Qg5 17. Qc2 Bh3 18. Ng3 Nxg3 19. hxg3 Be6 20. Nc5 h5 21. e4 h4 22. gxh4
Qxh4 23. f4 dxe4 24. Bxe4 Qf6 25. Rad1 Bd5 26. Bxd5 cxd5 27. Qf2 Re7 28. Rfe1 Rbe8
29. Kf1 Qb6 30. Qf3 Qb5+ 31. Qd3 Qb6 32. Rxe7 Rxe7 33. Re1 Ne6 34. Qe3 Qb5+ 35. Kf2
Nxc5 36. Qxe7 Nd3+ 37. Kf3 Nxe1+ 38. Qxe1 Qd3+ 39. Qe3 Qd1+ 40. Kg3 Qh5 41. Qe5 Qg6+
42. Kf3 Qd3+ 43. Qe3 Qxe3+ 44. Kxe3 Kf8 45. g4 Ke7 46. f5 f6 47. Kf4 b5 48. Ke3  1/2-1/2

[Event "British Chess Championships 2023: Weekend Tournament Penrose"]
[Site "De Montfort University, 20 Western Boulevard, Leicester, LE2 7BU"]
[Date "2023.07.23"]
[Round "4"]
[Board "27"]
[White "O'gorman, Brendan"]
[Black "Hollyman, Mike"]
[Result "1-0"]
[WhiteElo "1779"]
[BlackElo "1555"]
[PlyCount "65"]
[EventDate "2023.07.21"]
[EventRounds "5"]
[EventCountry "ENG"]

1. Nf3 Nf6 2. c4 e6 3. Nc3 d5 4. e3 Nc6 5. cxd5 exd5 6. Bb5 Bd7 7. O-O Bd6 8. Qb3
a6 9. Be2 Na5 10. Qc2 c5 11. b3 Qc7 12. Bb2 Bc6 13. Qf5 Bd7 14. Qg5 O-O-O 15. Nxd5
Nxd5 16. Qxd5 Bb5 17. Qf5+ Bd7 18. Qc2 Bg4 19. h3 Bh5 20. Qf5+ Kb8 21. Qxh5 Rhe8
22. Rac1 g6 23. Qxh7 Nc6 24. Qh4 Ne5 25. Nxe5 Bxe5 26. Bxe5 Qxe5 27. Rfd1 Qb2 28.
Qf4+ Ka7 29. Qc4 Rxd2 30. Qxc5+ Ka8 31. Rxd2 Qxd2 32. Bf3 Qxa2 33. Bxb7+  1-0

[Event "British Chess Championships 2023: Weekend Tournament Penrose"]
[Site "De Montfort University, 20 Western Boulevard, Leicester, LE2 7BU"]
[Date "2023.07.23"]
[Round "4"]
[Board "28"]
[White "Di-Vetta, Andrew"]
[Black "Yi, Louis"]
[Result "0-1"]
[WhiteElo "1776"]
[BlackElo "1443"]
[PlyCount "96"]
[EventDate "2023.07.21"]
[EventRounds "5"]
[EventCountry "ENG"]

1. c4 c6 2. d4 d5 3. b3 Nf6 4. Nf3 Bf5 5. Nc3 e6 6. g3 Bb4 7. Bd2 O-O 8. Bg2 Nbd7
9. O-O Re8 10. a3 Bd6 11. Nh4 Bg6 12. Nxg6 hxg6 13. f4 Kh7 14. c5 Bc7 15. b4 Rh8
16. e4 dxe4 17. Nxe4 Nxe4 18. Bxe4 Nf6 19. Bg2 Qxd4+ 20. Rf2 e5 21. Be1 Qe3 22. fxe5
Bxe5 23. Raa2 Rad8 24. Qe2 Bd4 25. Kf1 Qh6 26. Rf4 Nh5 27. Re4 Rhf8 28. Bd2 g5 29.
Ke1 Qg6 30. Bf3 Nf6 31. Rxd4 Rxd4 32. Be3 Re8 33. Bxd4 Qb1+ 34. Kf2 Rxe2+ 35. Rxe2
Qf5 36. Bxf6 Qxf6 37. Kg2 Qc3 38. Re7 Kg6 39. Rxb7 Qd2+ 40. Kh3 f5 41. g4 f4 42.
Bxc6 Qf2 43. Rd7 f3 44. Rd6+ Kh7 45. Be4+ g6 46. Bxg6+ Kg7 47. Rd7+ Kxg6 48. Rd6+
Kf7  0-1

[Event "British Chess Championships 2023: Weekend Tournament Penrose"]
[Site "De Montfort University, 20 Western Boulevard, Leicester, LE2 7BU"]
[Date "2023.07.23"]
[Round "4"]
[Board "29"]
[White "Thomas, Gary"]
[Black "Holmes, Stephen"]
[Result "1-0"]
[WhiteElo "1751"]
[BlackElo "1313"]
[PlyCount "107"]
[EventDate "2023.07.21"]
[EventRounds "5"]
[EventCountry "ENG"]

1. e4 e6 2. d3 b6 3. Nf3 h6 4. Nbd2 Bb7 5. g3 d5 6. Bg2 c5 7. e5 Nd7 8. O-O Ne7 9.
Re1 Nf5 10. Nf1 g5 11. Bh3 Ng7 12. c4 d4 13. N1d2 Be7 14. Ne4 Qc7 15. Qe2 O-O-O 16.
a4 Nxe5 17. Nxe5 Qxe5 18. f4 Qc7 19. Bg2 f5 20. Nf2 Bxg2 21. Kxg2 Qb7+ 22. Kg1 a5
23. g4 Rde8 24. Bd2 Bd6 25. Nh3 Qc7 26. Qg2 Kd7 27. Rf1 Be7 28. Rae1 Qc6 29. Qxc6+
Kxc6 30. gxf5 exf5 31. fxg5 hxg5 32. Nxg5 Bd6 33. h3 Rxe1 34. Rxe1 Re8 35. Rxe8 Nxe8
36. Kg2 f4 37. Kf3 Ng7 38. Bxf4 Be7 39. Kg4 Kd7 40. h4 Bd8 41. h5 Nxh5 42. Kxh5 Bc7
43. Bxc7 Kxc7 44. Kg6 Kd6 45. Kf5 Kc7 46. Ke5 Kc6 47. Ke6 Kc7 48. Ne4 Kc6 49. Nf6
Kb7 50. Kd7 Ka6 51. Kc6 Ka7 52. Nd5 b5 53. axb5 a4 54. Kc7  1-0

[Event "British Chess Championships 2023: Weekend Tournament Penrose"]
[Site "De Montfort University, 20 Western Boulevard, Leicester, LE2 7BU"]
[Date "2023.07.23"]
[Round "4"]
[Board "30"]
[White "Ng, Stephen"]
[Black "Hariharan, Shambavi"]
[Result "0-1"]
[WhiteElo "1618"]
[BlackElo "1829"]
[PlyCount "100"]
[EventDate "2023.07.21"]
[EventRounds "5"]
[EventCountry "ENG"]

1. e4 c6 2. d4 d5 3. exd5 cxd5 4. Bd3 Nc6 5. c3 Nf6 6. Nf3 Bg4 7. Bf4 e6 8. Nbd2
Bd6 9. Bxd6 Qxd6 10. O-O O-O 11. Qb3 Qc7 12. Rac1 Rac8 13. Rfe1 Bh5 14. h3 a6 15.
Qc2 Bg6 16. Bxg6 hxg6 17. a3 Na5 18. Qd3 b5 19. Ne5 Nc4 20. Ndxc4 bxc4 21. Qc2 Rb8
22. Rb1 Rb3 23. f3 Rfb8 24. Qc1 Nd7 25. Nxd7 Qxd7 26. f4 Qb5 27. Re2 Rxa3 28. Ra1
Rb3 29. Ra2 a5 30. Qa1 Ra8 31. Kf2 a4 32. Rc2 Rb8 33. Ke3 Ra8 34. Kd2 Qb8 35. g3
g5 36. Qf1 gxf4 37. Qxf4 Qxf4+ 38. gxf4 a3 39. bxa3 Raxa3 40. Rxa3 Rxa3 41. Ke3 Ra1
42. Kf3 Kh7 43. Kg4 Kg6 44. Re2 Rc1 45. Re3 Rg1+ 46. Rg3 Rxg3+ 47. Kxg3 Kf5 48. Kf3
g6 49. Ke3 f6 50. Kf3 e5  0-1

[Event "British Chess Championships 2023: Weekend Tournament Penrose"]
[Site "De Montfort University, 20 Western Boulevard, Leicester, LE2 7BU"]
[Date "2023.07.23"]
[Round "4"]
[Board "31"]
[White "Graff, Ben"]
[Black "Trimble, Thomas"]
[Result "1-0"]
[WhiteElo "1793"]
[BlackElo "1779"]
[PlyCount "97"]
[EventDate "2023.07.21"]
[EventRounds "5"]
[EventCountry "ENG"]

1. e4 c5 2. Nc3 e6 3. g3 Nc6 4. Nge2 d5 5. exd5 exd5 6. d4 Nf6 7. Bg2 Be6 8. O-O
Be7 9. dxc5 Bxc5 10. Nf4 O-O 11. Nfxd5 Nxd5 12. Nxd5 Bxd5 13. Qxd5 Qb6 14. Qb3 Qa6
15. c3 Rac8 16. Bf4 Na5 17. Qc2 Rfe8 18. Rfe1 Nc4 19. Rxe8+ Rxe8 20. Bf1 b5 21. a4
Ne5 22. Bxe5 Rxe5 23. Bxb5 Qe6 24. Rd1 Re1+ 25. Rxe1 Qxe1+ 26. Kg2 h5 27. Qe2 Qxe2
28. Bxe2 g6 29. f4 Kg7 30. Kf3 a5 31. Ke4 Bg1 32. h3 Bf2 33. g4 hxg4 34. hxg4 Bc5
35. f5 gxf5+ 36. gxf5 f6 37. Kd5 Be7 38. Kc4 Kf8 39. b4 axb4 40. cxb4 Ke8 41. b5
Kd8 42. Kd5 Bb4 43. Kc4 Ba5 44. Kc5 Kc7 45. Bf3 Bb6+ 46. Kb4 Kb8 47. a5 Be3 48. b6
Bf2 49. Kb5  1-0

[Event "British Chess Championships 2023: Weekend Tournament Penrose"]
[Site "De Montfort University, 20 Western Boulevard, Leicester, LE2 7BU"]
[Date "2023.07.23"]
[Round "4"]
[Board "32"]
[White "Ball, Matthew P"]
[Black "Siu, Kam Wa"]
[Result "0-1"]
[WhiteElo "1778"]
[BlackElo "1782"]
[PlyCount "0"]
[EventDate "2023.07.21"]
[EventRounds "5"]
[EventCountry "ENG"]

*1. Nf3 d5 2. c4 d4 3. e3 Nc6 4. b4 dxe3 5. fxe3 Nxb4 6. Qa4+ Nc6 7. d4 e6 8. Nc3
Bd7 9. Qc2 Nf6 10. Bb2 Nb4 11. Qb3 c5 12. a3 cxd4 13. axb4 dxc3 14. Qxc3 Ne4 15.
Qb3 a5 16. bxa5 Rxa5 17. Bd3 Rxa1+ 18. Bxa1 Qa5+ 19. Ke2 Nc5 20. Qc2 Nxd3 21. Qxd3
Qa2+ 22. Nd2 Qa5 23. Rd1 Qc7 24. Ne4 Be7 25. Be5 Qb6 26. Kf2 f6 27. Bd6 Bxd6 28.
Qxd6 Qxd6 29. Nxd6+ Ke7 30. Nxb7 Rc8 31. Rc1 Rb8 32. Nc5 Rb2+ 33. Kf1 Bc6 34. e4
Kd6 35. Nd3 Rd2 36. c5+ Kc7 37. Nf4 Kd7 38. Ke1 Rd4 39. Kf2 Rxe4 40. Rd1+ Ke7 41.
g3 g5 42. Nd3 Rc4 43. Ke3 f5 44. Ra1 Kf6 45. Ra5 h5 46. Nf2 f4+ 47. Kd3 Bd5 48. Nd1
fxg3 49. hxg3 Rg4 50. Ne3 Rxg3 51. Kd4 Bb7 52. Rb5 e5+ 53. Kc3 Rxe3+ 54. Kd2 Re4
55. Rb6+ Kf5 56. Rxb7 Rc4 57. Rc7 Ke4 58. Rg7 g4 59. Rh7 Rxc5 60. Rxh5 Kf3 61. Rf5+
Ke4 62. Rf7 Ra5 63. Rg7 Ra2+ 64. Ke1 Kf3 65. Rf7+ Ke3 66. Kf1 e4 67. Rg7 Kf3 68.
Rf7+ Kg3 69. Re7 Ra4 70. Ke2 Kg2 71. Re8 g3 72. Re7 Ra2+ 73. Ke3 Kf1 74. Rf7+ Rf2
75. Rb7 Re2+ 76. Kf4 g2  0-1